Statystyki dla Wszystkie polskie kluby piłkarskie na literę D

Kliknij tutaj aby rozwiązać quiz!

Ogólne statystyki

  • Ten quiz został rozwiązany 6 razy
  • Średni wynik to 2 z 83

Statystyki odpowiedzi

Odpowiedź% Poprawnych
Dolcan Ząbki
67%
Dalin Myślenice
33%
Drukarz Warszawa
33%
Drwęca Nowe Miasto Lubawskie
33%
Dąb Dębno
17%
Dyskobolia Grodzisk Wielkopolski
17%
Dąb Bąkowo
0%
Dąb Barcin
0%
Dąb Boguszyn
0%
Dąb Dąbrowa Białostocka
0%
Dąb Dębice
0%
Dąb Dębowa Kłoda
0%
Dąb Dobkowice
0%
Dąb Dobroszyce
0%
Dąb Gaszowice
0%
Dąb Górki Noteckie
0%
Dąb Kosina
0%
Dąb Kusowo
0%
Dąb Mościsko
0%
Dąb Nagłowice
0%
Dąb Paszkówka
0%
Dąb Potulice
0%
Dąb Przybyszów
0%
Dąbroczanka Pępowo
0%
Dąbrovia Dąbrowa Tarnowska
0%
Dąbrovia Stara Dąbrowa
0%
Dąbrovia Wielogłowy
0%
Dąbrowiak Dąbrowa Wronowska
0%
Dąbrowianka Dąbrowice
0%
Dąb Stowarzyszenie Siedliska
0%
Dąb Tomice
0%
Dąb Wieliszew
0%
Darłovia Darłowo
0%
Darpol Barzowice
0%
Darzbór Szczecinek
0%
Dębowczanka Dębowiec
0%
Dekoral Wrocław
0%
Delin Munina
0%
Delta Miłoradz
0%
Delta Miszewko Strzałkowskie
0%
Delta Sieniawa Żarska
0%
Delta Słupice
0%
Delta Stare Polichno
0%
Derby Kosiska
0%
Derby Stara Łubianka
0%
Diament Trzebielino
0%
DKS Dobre Miasto
0%
DKS Dys
0%
Długołęka 2000
0%
Dobrzanka Dobra
0%
Doktór Czarnylas
0%
Dolomit Chwałowice
0%
Dolomit Pisarzowice
0%
Dolpasz Skokowa
0%
Dragon Glinik Nowy
0%
Dragon Jaczów
0%
Dragon Miszkowice
0%
Dragon Rusinowice
0%
Dragon Szczyglice
0%
Dragon Tulce
0%
Drako Kowala
0%
Drama Zbrosławice
0%
Drawa Drawno
0%
Drawa Drawsko Pomorskie
0%
Drawa Krzyż Wielkopolski
0%
Dromader Chrząstów
0%
Dromex Piersno
0%
Drwęca Golub-Dobrzyń
0%
Drwinka Drwinia
0%
Drzewiarz Bytnica
0%
Drzewiarz Jasienica
0%
Drzewiarz Krosino
0%
Drzewiarz Rzeczenica
0%
Drzewiarz Świerczyna
0%
Drzonkowianka Racuła
0%
Dunajec Mikołajowice
0%
Dunajec Nowy Sącz
0%
Dunajec Ostrowsko
0%
Dunajec Zakliczyn
0%
Dunajec Zbylitowska Góra
0%
Dwernicki Stoczek Łukowski
0%
Dynovia Dynów
0%
Dziecanovia Dziekanowice
0%

Rozkład punktacji

Percentyl według liczby udzielonych odpowiedzi

Procent ludzi z każdym wynikiem

Twoja historia wyników

Nie rozwiązałeś tego quizu